Les moines d'Occident depuis Saint Benoist jusquá Saint Bernard / (Record no. 160007)
[ view plain ]
| 000 -LEADER | |
|---|---|
| campo de control de longitud fija | 01011nam a22001815i 4500 |
| 001 - NÚMERO DE CONTROL | |
| campo de control | 160007 |
| 003 - IDENTIFICADOR DE NÚMERO DE CONTROL | |
| campo de control | ES-MaACL |
| 005 - FECHA Y HORA DE LA ÚLTIMA TRANSACCIÓN | |
| campo de control | 20230906211918.0 |
| 008 - DATOS DE LONGITUD FIJA--INFORMACIÓN GENERAL | |
| campo de control de longitud fija | 981211m18601877fr |||| | fre d |
| 040 ## - FUENTE DE CATALOGACIÓN | |
| Centro catalogador/agencia de origen | CCPB | B |
| Lengua de catalogación | spa |
| Centro/agencia transcriptor | CCPB | B |
| 100 1# - ENTRADA PRINCIPAL--NOMBRE DE PERSONA | |
| Nombre de persona | Montalembert, Charles Forbes |
| Títulos y otros términos asociados al nombre | comte de ( |
| Fechas asociadas al nombre | 1810-1870) |
| 9 (RLIN) | 130077 |
| 245 14 - MENCIÓN DEL TÍTULO | |
| Título | Les moines d'Occident depuis Saint Benoist jusquá Saint Bernard / |
| Mención de responsabilidad, etc. | par le Comte de Montalembert. |
| 260 ## - PUBLICACIÓN, DISTRIBUCIÓN, ETC. | |
| Lugar de publicación, distribución, etc. | Paris : |
| Nombre del editor, distribuidor, etc. | Jacques Lecoffre et Cie, |
| Fecha de publicación, distribución, etc. | 1860-1877. |
| 300 ## - DESCRIPCIÓN FÍSICA | |
| Extensión | 7 v. ; |
| Dimensiones | 22 cm. |
| 597 ## - NOTA DE DESCRIPCIÓN FÍSICA | |
| NOTA DE DESCRIPCIÓN FÍSICA | Antep. |
| 650 04 - PUNTO DE ACCESO ADICIONAL DE MATERIA--TÉRMINO DE MATERIA | |
| Término de materia o nombre geográfico como elemento de entrada | Monacato- |
| Subdivisión de forma | Historia. |
| 9 (RLIN) | 15139 |
| 852 ## - LOCALIZACIÓN | |
| Ubicación | ES-MaACL |
| Número de control de estantería | F-5437-43 |
| Nota libre | -- Enc. hol. |
| Encuadernación | -- Edic.: 7 v. -- El imp. de los t.I-II es: Imprimerie de J. Claye; el de los t.III-V : Imp. Simon Raçon et comp. y el de los t.VI-VII: Typographie Lahure -- Contiene: T.I (CCXCII, 282 p.) y T.II (587 p.) - Conversion de l'Angleterre par les moines: T.III, 1866 (504 p., [1] h. pleg. de mapa), T.IV, 1867 (505 p.) y T.V, 1867 (411 p.) - T.VI, 1877 (646 p.) - T.VII, 1877 (712 p.) |
| Estatus retirado | Estado de pérdida | Estado de daño | No para préstamo | Colección | Biblioteca de origen | Biblioteca actual | Ubicación en estantería | Fecha de adquisición | Fuente de adquisición | Total de préstamos | Signatura topográfica completa | Código de barras | Visto por última vez | Precio de reemplazo | Tipo de ítem Koha |
|---|---|---|---|---|---|---|---|---|---|---|---|---|---|---|---|
| Libros del s. XIX | Biblioteca del Ateneo de Madrid | Biblioteca del Ateneo de Madrid | Depósito 2 | 17/01/2008 | F-5437-5443 | 1167513 | 23/02/2023 | 23/02/2023 | Libro impreso antiguo |
